Flags of Autonomous Cities, Regions or Republics - Statistics

General Stats
  • This quiz has been taken 201 times
  • The average score is 10 of 15
Answer Stats
Picture Answer % Correct
Hong Kong
97%
Macau
94%
Iraqi Kurdistan
83%
Zanzibar
78%
Sicily
77%
Azores
74%
Abkhazia
71%
Crimea
71%
Åland Islands
70%
Madeira
61%
Ceuta
53%
Melilla
43%
Karakalpakstan
35%
Navajo Nation
34%
Puntland
33%
No matching quizzes found
Score Distribution
Percent of People with Each Score
Percentile by Number Answered
Your Score History
You have not taken this quiz